000 00937nam a2200253 a 4500
001 395
003 BR-CuiBMT
005 20231129051142.0
008 230919s2011 mgb 001 0 por d
020 _a9788577004102
040 _aBR-CuiBMT
_cBR-CuiBMT
080 _22007
_a33:339.92
090 _a33:339.92
_bM838p
100 1 _aMoreira Neto, Diogo de Figueiredo,
_d1933-2017
245 1 0 _aPoder, direito e Estado :
_bo direito administrativo em tempos de globalização : in memoriam de Marcos Juruena Villela Souto /
_cDiogo de Figueiredo Moreira Neto.
260 _aBelo Horizonte :
_bFórum,
_c2011.
300 _a180 p. ;
_c22 cm
504 _aInclui bibliografia e índice.
650 _aAdministração pública
_xControle
_zBrasil
650 _aDireito administrativo
_xAspectos constitucionais
650 _aGlobalização
_xAspectos econômicos
650 _aPolíticas públicas
_xControle judicial
_zBrasil
942 _2udc
_cLV
999 _c395
_d395